000 00702nam a2200289Ia 4500
005 20260324135051.0
008 008 260324s9999 xx 000 0 eng d
020 _a9781843924579
037 _aEBOOK
040 _aCRL
040 _beng
040 _cCRL
041 _2eng
041 _aeng
084 _qCRL
100 _aSir John Evans; Roger Billingsley; Teresa Nemitz; Philip Bean
_91199208
245 0 _aInformers
245 0 _bPolicing, policy, practice
260 _bTaylor and Francis
260 _c2001
365 _a
365 _b230
856 _uhttp://www.taylorfrancis.com/books/9781843924579
942 _cEBOOK
999 _c1799916
_d1799916